|
|
|
|
| LEADER |
00000cac a2200000 a 4500 |
| 001 |
74690 |
| 003 |
Ucuenca |
| 005 |
20230308211803.0 |
| 008 |
000000|1970 mx |||||r|||||||||||spa|| |
| 040 |
|
|
|b spa
|
| 041 |
1 |
|
|a spa
|
| 082 |
0 |
|
|a 516
|
| 100 |
1 |
|
|a Rich, Barnett.
|9 38923
|
| 245 |
|
|
|a Teoría y problemas de geometría plana con geometría de coordenadas
|c Barnett Rich. Traducción Víctor Ariza Prada
|h imp
|
| 264 |
|
|
|a México
|b McGraw-Hill
|c 1970
|
| 300 |
|
|
|a 234 p
|c 28 cm
|b gra
|
| 490 |
|
|
|a Compendios Schaum
|
| 504 |
|
|
|a incl. ref.
|
| 650 |
|
0 |
|a Geometria plana
|9 13016
|
| 852 |
|
|
|a UC-CDJBV
|f Compra
|l 1
|m General
|p 00000000
|q 162,00
|r 2
|t 74690
|b 0
|d CDRC
|e CDRC
|g 516 SEGUNDO PISO
|z 0000-00-00
|
| 942 |
|
|
|c CR
|0 4
|
| 999 |
|
|
|c 119865
|d 119865
|